Ministers pose waste challenge (Record no. 73634)

MARC details
000 -LEADER
fixed length control field 01141cam a2200229 4500
001 - CONTROL NUMBER
control field WB3940-17
008 - FIXED-LENGTH DATA ELEMENTS--GENERAL INFORMATION
fixed length control field 031023n2003 000 0 eng u
035 ## - SYSTEM CONTROL NUMBER
System control number (Sirsi) u123983
245 ## - TITLE STATEMENT
Title Ministers pose waste challenge
260 ## - PUBLICATION, DISTRIBUTION, ETC.
Date of publication, distribution, etc. 2003
490 ## - SERIES STATEMENT
Series statement Scottish Executive Press Release
Volume/sequential designation 22 October 2003 (2)
520 ## - SUMMARY, ETC.
Summary, etc. Scottish environment minister Ross Finnie in a Glasgow conference told of the need of a change in attitude towards waste. A plan was required to reduce the materials used and recycle what could not be reused. The National Waste Plan was mentioned here which sets ambitious targets for recycle or compost 25% of Municipal Solid Waste by 2006. There is ring-fenced funding of £230m over three years through the Strategic Waste Fund. For the Scottish Executive News Release: http://www.scotland.gov.uk/pages/news/2003/10/SEEN663.aspx
590 ## - LOCAL NOTE (RLIN)
Local note WB
650 ## - SUBJECT ADDED ENTRY--TOPICAL TERM
Topical term or geographic name entry element SCOTLAND
650 ## - SUBJECT ADDED ENTRY--TOPICAL TERM
Topical term or geographic name entry element WASTE
650 ## - SUBJECT ADDED ENTRY--TOPICAL TERM
Topical term or geographic name entry element WASTE CONTROL
650 ## - SUBJECT ADDED ENTRY--TOPICAL TERM
Topical term or geographic name entry element NATIONAL WASTE PLAN
650 ## - SUBJECT ADDED ENTRY--TOPICAL TERM
Topical term or geographic name entry element HOUSEHOLD WASTE
650 ## - SUBJECT ADDED ENTRY--TOPICAL TERM
Topical term or geographic name entry element LANDFILL TAX CREDIT SCHEME
690 ## - LOCAL SUBJECT ADDED ENTRY--TOPICAL TERM (OCLC, RLIN)
Topical term or geographic name as entry element ENVIRONMENTAL AND LAND CONSULTANCY-WASTE MANAGEMENT
942 ## - ADDED ENTRY ELEMENTS (KOHA)
Suppress in OPAC 0
Holdings
Withdrawn status Lost status Source of classification or shelving scheme Damaged status Not for loan Home library Current library Shelving location Date acquired Total Checkouts Full call number Barcode Date last seen Copy number Price effective from Koha item type
    Dewey Decimal Classification     London London News article 23/10/2003   WB3940-17 123983-1001 06/08/2019 1 06/08/2019 News article